Central Library OPAC University of Rajshahi

World Peace through Law: (Record no. 31211)

MARC details
000 -LEADER
fixed length control field 00714nam a2200217 a 4500
001 - CONTROL NUMBER
control field 31211
003 - CONTROL NUMBER IDENTIFIER
rucl marc code BD-RjUL
005 - DATE AND TIME OF LATEST TRANSACTION
control field 20211209051655.0
008 - FIXED-LENGTH DATA ELEMENTS--GENERAL INFORMATION
fixed length control field 181217s1960 pk 000 0 eng d
035 ## - SYSTEM CONTROL NUMBER
System control number (BD-RjUL)31298
040 ## - CATALOGING SOURCE
Original cataloging agency BD-RjUL
Language of cataloging eng
Transcribing agency BD-RjUL
Modifying agency BD-RjUL
041 ## - LANGUAGE CODE
Language code of text/sound track or separate title eng
082 ## - DEWEY DECIMAL CLASSIFICATION NUMBER
Edition number 23
Classification number 303.66
Author mark and year AHW 1960
100 1# - MAIN ENTRY--PERSONAL NAME
Personal name Ahmad, Naziruddin
9 (RLIN) 226138
245 10 - TITLE STATEMENT
Title World Peace through Law:
Remainder of title Paper read at the first session of the all Pakistan Lawers' convention on the 1st October, 1960 at Karachi /
Statement of responsibility, etc. by Naziruddin Ahmad
260 ## - PUBLICATION, DISTRIBUTION, ETC. (IMPRINT)
Place of publication, distribution, etc. Dacca:
Name of publisher, distributor, etc. [Eden Press],
Date of publication, distribution, etc. [1960]
300 ## - PHYSICAL DESCRIPTION
Pagination 15 p. ;
Size 22 cm
650 ## - SUBJECT ADDED ENTRY--TOPICAL TERM
Topical term or geographic name as entry element International law
General subdivision Congresses.
9 (RLIN) 226139
Topical term or geographic name as entry element Peace
9 (RLIN) 226140
942 ## - ADDED ENTRY ELEMENTS (KOHA)
Source of classification or shelving scheme Dewey Decimal Classification
Koha item type Rare Books
Holdings
Lost status Source of classification or shelving scheme Damaged status Not for loan Collection code Permanent Location Current Location Shelving location Date acquired Total Checkouts Full call number Date last seen Copy number Koha item type
  Dewey Decimal Classification   Not For Loan Rare Books Central Library, University of Rajshahi Central Library, University of Rajshahi Rare Book Section 17/12/2018   RA 303.66 AHW 1960 17/12/2018 C-1 Rare Books